| 000 | 01209 a2200313 4500 | ||
|---|---|---|---|
| 001 | 200130110 | ||
| 999 |
_c200130110 _d30932 |
||
| 003 | TR-AnTOB | ||
| 005 | 20231207104401.0 | ||
| 008 | 130726s2013 tu 000 0 | ||
| 020 | _a9780810939460 | ||
| 040 | _aTR-AnTOB | ||
| 041 | _aeng | ||
| 050 | 0 | 0 |
_aF128.65.C3 _bM55 2003 |
| 090 | _aF128.65.C3 M55 2003 | ||
| 100 | 1 |
_aMiller, Sara Cedar _991825 |
|
| 245 | 1 | 0 |
_aCentral Park : _ban American masterpiece / _ctext and photographs by Sara Cedar Miller. |
| 264 | 1 |
_a[New York] : _bHarry N. Abrams Publishers in association with the Central Park Conservancy, _c2003. |
|
| 300 |
_a255 p. : _bill. (some col.), col. map ; _c27 cm. |
||
| 504 | _aIncludes bibliographical references (p. 248) and index. | ||
| 651 | 0 |
_aNew York (N.Y.) _xDescription and travel _991829 |
|
| 651 | 0 |
_aCentral Park (New York, NY) _xTarih _991830 |
|
| 651 | 0 |
_aCentral Park (New York, N.Y.) _xHistory _991827 |
|
| 651 | 7 |
_aNew York _xGezi ve tanıtım _2etuturkob _991832 |
|
| 651 | 0 |
_aCentral Park (New York, NY) _vResimli çalışmalar _991831 |
|
| 651 | 0 |
_aCentral Park (New York, N.Y.) _vPictorial works _991828 |
|
| 710 | 2 |
_aCentral Park Conservancy (New York, N.Y.) _991826 |
|
| 999 | _tT.o 26.05.2013 | ||
| 942 | _cBK | ||